Mittelpunkt neu B1+ Deutsch als Fremdsprache für Fortgeschrittene

Saved in:
Bibliographic Details
Main Author: Braun, Birgit
Other Authors: Dengler, Stefanie, Fügert, Nadja
Format: Book
Language:German
Published: Stuttgart Ernst Klett Sprachen 2025
Subjects:
Tags: Add Tag
No Tags, Be the first to tag this record!

MARC

LEADER 00000nam a2200000 4500
001 0312413
005 20251124131721.5
020 |a 978-3-12-676645-6 
041 0 |a ger 
044 |a DE 
245 1 0 |a Mittelpunkt neu B1+  |b Deutsch als Fremdsprache für Fortgeschrittene  |c Birgit Braun ... [et al.] 
264 1 |a Stuttgart  |b Ernst Klett Sprachen  |c 2025 
300 |a 200 s.  |e CD-ROM 
610 2 0 |a jazyky cudzie 
610 2 0 |a nemčina 
610 2 0 |a zásoba slovná 
610 2 0 |a gramatika 
610 2 0 |a lexikológia 
100 1 |a Braun, Birgit 
700 1 |a Dengler, Stefanie 
700 1 |a Fügert, Nadja